Les oeuvres de Johannes Vermeer - Statistiques

Statistiques générales
  • Ce quiz a été pris 48 fois
  • Le résultat moyen est 10 sur 20
Statistiques - réponses
Par images Réponse % Correct
La {laitière}
97%
La jeune fille à la {perle}
95%
Jeune femme écrivant une {lettre}
87%
La dame au {chapeau} rouge
87%
La jeune {fille} au verre de vin
84%
Une femme jouant de la {guitare}
66%
L'{astronome}
55%
L'art de la {peinture}
53%
Le {verre} de vin
53%
Vue de {Delft}
47%
La {dentellière}
45%
La femme au {luth}
42%
La lettre d'{amour}
42%
Le {géographe}
37%
Le Christ dans la maison de {Marthe} et Marie
26%
La {ruelle}
21%
La {liseuse} à la fenêtre
13%
L'{entremetteuse}
13%
Une dame debout au {virginal}
11%
Le {concert}
5%
Aucun quiz correspondant
Distribution des résultats
% des personnes avec chaque résultat
Percentile par nombre de réponses
Votre historique - résultats
Vous n’avez pas pris ce quiz